Pokémon fusionnés avec Pikachu - Statistiques

Statistiques générales
  • Ce quiz a été pris 1 070 fois
  • Le résultat moyen est 11 sur 16
Statistiques - réponses
Par images Réponse % Correct
Grolem
98%
Piafabec
95%
Brindibou
81%
Électhor
81%
Skitty
80%
Poissoroy
79%
Coupenotte
72%
Otaria
71%
Étourvol
64%
Trompignon
59%
Mygavolt
58%
Léopardus
53%
Ohmassacre
53%
Colimucus
51%
Ptyranidur
48%
Guérilande
44%
Aucun quiz correspondant
Distribution des résultats
% des personnes avec chaque résultat
Percentile par nombre de réponses
Votre historique - résultats
Vous n’avez pas pris ce quiz